000 01383nam a2200337Ia 4500
001 ebr10088364
003 CaPaEBR
006 m u
007 cr cn|||||||||
008 040623s2004 njua sb 001 0 eng d
010 _z 05274874
020 _z9812385681 (pt. 1)
040 _aCaPaEBR
_cCaPaEBR
035 _a(OCoLC)559900680
050 1 4 _aQD502.5
_b.M64 pt.1 2004eb
082 0 4 _a541/.394
_222
245 0 0 _aModern trends in chemical reaction dynamics
_h[electronic resource] :
_nPart I :
_bexperiment and theory /
_ceditors, Xueming Yang, Kopin Liu.
260 _aRiver Edge, N.J. ;
_aHong Kong :
_bWorld Scientific,
_cc2004.
300 _axii, 526 p. :
_bill.
490 1 _aAdvanced series in physical chemistry ;
_vvol. 14
504 _aIncludes bibliographical references and indexes.
533 _aElectronic reproduction.
_bPalo Alto, Calif. :
_cebrary,
_d2009.
_nAvailable via World Wide Web.
_nAccess may be limited to ebrary affiliated libraries.
650 0 _aChemical kinetics.
650 0 _aReactivity (Chemistry)
655 7 _aElectronic books.
_2local
700 1 _aYang, Xueming,
_d1964-
700 1 _aLiu, Kopin.
710 2 _aebrary, Inc.
830 0 _aAdvanced series in physical chemistry ;
_vv. 14.
856 4 0 _uhttp://site.ebrary.com/lib/rucke/Doc?id=10088364
_zAn electronic book accessible through the World Wide Web; click to view
999 _c51166
_d51166